000 01249nam a2200313 4500
999 _c65167
_d65167
005 20240530110810.0
008 190415s2009 ua a f b 000 0 ara d
017 _a2009/19730
_bمصر . دار الكتب
020 _a9789774796029
040 _aEG-CaGPL
082 0 4 _221
_a792.022/
_bج ل
100 1 _aجى ، جين دى
245 1 0 _aلغات المسرح التى تصوغها المراة /
_cتاليف جين دى جى ، وليزبث جودمان ؛ ترجمة محمد الجندى ؛ مراجعة محمد حمدى ابراهيم
250 _aط.1
260 _aالقاهرة :
_bمطابع المجلس الاعلى للاثار ،
_c2009
300 _a411 ص. :
_bايض. ؛
_c24 سم.
504 _aببليوجرافية ص 402 - 408
600 0 _aهاملت
650 0 7 _aالمسرح
650 0 7 _aالتمثيل فى المسرح
650 0 7 _aالمسرحيات
_xتاريخ ونقد
650 0 7 _aالتمثيل
653 0 _aالمسرح - عروض النساء
700 1 _aجودمان ، وليزبث
_eمؤلف مشارك
700 0 _aمحمد الجندى
_eمترجم
700 0 _aمحمد حمدى ابراهيم
_eمراجع
942 _2ddc
_cBK